000 00736nam a22002537a 4500
001 28696
003 UA-OsUOA
005 20210711122856.0
007 ta
008 20050421b un ||||| |||| 00| 0 ukr d
040 _aUA-OsUOA
_bukr
_cUA-OsUOA
_dUA-OsUOA
041 _aukr
044 _aUA
080 _a94(477)152
090 _a94(477)152
_bВ65
100 _aВойценко О.
245 _aХІІІ Міжнародний конгрес історичних наук і подорож по Україні 1970
_nЧ. 8
260 _aВінніпег
_bУВАН
_c1970
300 _a39 с.
650 7 _2UDC
942 _cBK
_2udc
955 _a0
999 _c315066
_d315066